The principal from the black lagoon / (Record no. 5296)

MARC details
000 -LEADER
fixed length control field 00993nam a22003017a 4500
001 - CONTROL NUMBER
control field 5296
003 - CONTROL NUMBER IDENTIFIER
control field FISKH
005 - DATE AND TIME OF LATEST TRANSACTION
control field 20250123101736.0
008 - FIXED-LENGTH DATA ELEMENTS--GENERAL INFORMATION
fixed length control field 241125b cb ||||| |||| 00| 0 eng d
020 ## - INTERNATIONAL STANDARD BOOK NUMBER
International Standard Book Number 9780545069328
040 ## - CATALOGING SOURCE
Original cataloging agency FISKH
Language of cataloging eng
Transcribing agency FISKH
Modifying agency FISKH
050 ## - LIBRARY OF CONGRESS CALL NUMBER
Classification number PZ7.T3
082 ## - DEWEY DECIMAL CLASSIFICATION NUMBER
Classification number 514
100 ## - MAIN ENTRY--PERSONAL NAME
Personal name Thaler, Mike
Dates associated with a name (1936–2024)
245 ## - TITLE STATEMENT
Title The principal from the black lagoon /
Statement of responsibility, etc. Story by Mike Thaler Pictures by Jared Lee
250 ## - EDITION STATEMENT
Edition statement This edition first printing in 2008
260 ## - PUBLICATION, DISTRIBUTION, ETC.
Place of publication, distribution, etc. New York :
Name of publisher, distributor, etc. Scholastic,
Date of publication, distribution, etc. 2008.
300 ## - PHYSICAL DESCRIPTION
Extent 30 pages :
Other physical details color illustrations ;
Dimensions 21 cm
505 ## - FORMATTED CONTENTS NOTE
Formatted contents note L<br/>
520 ## - SUMMARY, ETC.
Summary, etc. On the third day of school, a young boy is sent to the principal's office and thinks about all the horrifying rumors he has heard about her.
521 8# - TARGET AUDIENCE NOTE
Target audience note 510<br/><br/>
Source Lexile<br/>
521 8# - TARGET AUDIENCE NOTE
Target audience note L<br/>
Source Raz-Plus<br/>
650 ## - SUBJECT ADDED ENTRY--TOPICAL TERM
Source of heading or term Picture book
Topical term or geographic name entry element Principal
650 ## - SUBJECT ADDED ENTRY--TOPICAL TERM
Source of heading or term School
Topical term or geographic name entry element Back to school
700 ## - ADDED ENTRY--PERSONAL NAME
Personal name Lee, Jared
Dates associated with a name illustrator
942 ## - ADDED ENTRY ELEMENTS (KOHA)
Source of classification or shelving scheme Dewey Decimal Classification
Koha item type Books
Suppress in OPAC No
Holdings
Withdrawn status Lost status Source of classification or shelving scheme Damaged status Not for loan Collection Home library Current library Shelving location Date acquired Total Checkouts Full call number Barcode Date last seen Date last checked out Copy number Price effective from Koha item type
    Dewey Decimal Classification     Juvenile Fiction Footprints International School Library Network Toul Kork Campus Footprints International School Library Network Toul Kork Campus TK Primary Library Room(4th Floor), Bookcase 3&4, Shelves 17-32, Yellow Books 11/25/2024 1 THA 514 PZ7.T3 FISTK00723 12/19/2025 10/31/2025 1 11/25/2024 Books
    Dewey Decimal Classification     Juvenile Fiction Footprints International School Library Network Toul Kork Campus Footprints International School Library Network Toul Kork Campus TK Primary Library Room(4th Floor), Bookcase 3&4, Shelves 17-32, Yellow Books 11/26/2024   THA 514 PZ7.T3 2024-2381 11/26/2024   2 11/26/2024 Books
    Dewey Decimal Classification     Juvenile Fiction Footprints International School Library Network Toul Kork Campus Footprints International School Library Network Toul Kork Campus TK Primary Library Room(4th Floor), Bookcase 3&4, Shelves 17-32, Yellow Books 01/23/2025 1 THA 514 PZ7.T3 2025-0076 09/12/2025 08/29/2025 3 01/23/2025 Books
    Dewey Decimal Classification     Juvenile Fiction Footprints International School Library Network Toul Kork Campus Footprints International School Library Network Toul Kork Campus TK Primary Library Room(4th Floor), Bookcase 3&4, Shelves 17-32, Yellow Books 06/02/2025   THA 514 PZ7.T3 FISTK00724 06/02/2025   4 06/02/2025 Books